Statistiques concernant Répartition nationalités bundesliga

Cliquez ici pour prendre le quiz!

Statistiques générales

  • Ce quiz a été pris 71 fois
  • Le résultat moyen est 8 sur 11

Statistiques - réponses

HintRéponse% Correct
256Allemagne
100%
42France
98%
9Belgique
83%
19Pays-Bas
81%
11Suisse
81%
23Autriche
78%
9Portugal
63%
18Danemark
62%
10Etats-Unis
46%
18Croatie
41%
10Japon
35%

Distribution des résultats

Percentile par nombre de réponses

% des personnes avec chaque résultat

Votre développement - résultats

Vous n’avez pas pris ce quiz